Statistics for Crowd-Sourced General Knowledge #14

Click here to take the quiz!

General Stats

  • This quiz has been taken 29,032 times
  • The average score is 15 of 20

Answer Stats

QuestionAnswer% Correct
Which sea borders Egypt and Saudi Arabia?{Red} Sea
92%
What is the nearest country to the island nation of Malta?Italy
89%
From which country did the U.S. buy the state of Alaska in 1867?Russia
88%
What was the name of the 1773 event where protestors dumped tea
into Boston harbor?
The Boston Tea Party
85%
Not including continental landmasses, what is the world's largest island?Greenland
85%
What is the lightest noble gas?Helium
83%
What are the 1920s known as in the United States and other western countries?The {Roaring} Twenties
82%
What movie does the word "supercalifragilisticexpialidocious" come from?Mary Poppins
79%
What celebration was outlawed by Puritans in the English Parliament in 1647?Christmas
76%
What is Karl Benz credited with inventing?The automobile
76%
What is the capital of Kenya?Nairobi
75%
What North African city has the same name as an Oscar-winning movie?Casablanca
73%
What part of the body is afflicted by hepatitis?Liver
72%
What country was the D. R. Congo a colony of?Belgium
70%
What kind of "belt" can be found between Mars and Jupiter?The Asteroid Belt
69%
What does the French phrase "je ne sais pas" mean?I don't know
64%
What is the nearest major galaxy to the Milky Way?Andromeda
57%
What name is shared by a video game princess and the wife of F. Scott Fitzgerald?Zelda
57%
What is the first book of the gospels?Matthew
55%
What term refers to the Vikings who settled in northern France before leaving
to conquer other places?
Normans
55%

Score Distribution

Percentile by Number Answered

Percent of People with Each Score

Your Score History

You have not taken this quiz